000 00731nam a2200253 i 4500
003 DO-SdBNP
005 20251017083244.0
007 ta
008 240527m1998 dr r 000 0 spa d
040 _aDO-SdBNP
_bspa
_cBNPHU
_erda
041 _aspa
082 4 _axxx
_bxxx
_222
245 0 0 _aCatecismo de la Iglesia Católica.
264 1 _aSanto Domingo :
_bLibrería Juan Pablo II,
_c1998.
300 _a702 páginas ;
_c21 cm.
336 _atexto
_btxt
_2rdacontent
337 _asin mediación
_bn
_2rdamedia
338 _avolumen
_bnc
_2rdacarrier
500 _aIncluye índice temático.
590 _aInventariado, 2024 / YL
630 4 _aIglesia católica
_xCatecismos
_984817
910 _aYLockward
942 _2ddc
_cLBS1
999 _c56761
_d56761